| 000 | 00601nam a22002057a 4500 | ||
|---|---|---|---|
| 003 | OSt | ||
| 005 | 20260316140207.0 | ||
| 008 | 260316b |||||||| |||| 00| 0 eng d | ||
| 020 | _a9781718218482 | ||
| 040 | _cHS LRC | ||
| 050 |
_aRA 781.6 _b.T75 2024 |
||
| 100 |
_aTumminello, Nick _9131361 |
||
| 245 |
_aStrength training for fat loss / _cNick Tumminello |
||
| 260 |
_aChampaign, IL : _bHuman Kinetics, _cc2024. |
||
| 300 |
_av, 303 p. : _bcol. ill. ; _c28 cm. |
||
| 365 | _b3,164.00 | ||
| 504 | _aincludes bibliography and index. | ||
| 650 |
_aReducing exercises. _958298 |
||
| 942 |
_2lcc _cBK |
||
| 999 |
_c93962 _d93962 |
||